000 00709nam a2200241 i 4500
001 C2-0341127
003 PPAK
005 20180728142908.0
008 170305s2008 my a|||| ||||| | may d
020 _a9789676121118
040 _aPPAK
_beng
_cPPAK
_erda
082 0 4 _a746.447
_223
090 0 0 _a746.447
_bSUZ
_dR
100 0 _aSuzana Mustafa,
_eauthor
245 1 0 _aJahitan asas sulaman reben
264 1 _aCheras, Kuala Lumpur :
_bUtusan Publications & Distributors Sdn Bhd ,
_c2008
300 _a108 pages :
_bcolour photographs ;
_c30 cm
336 _2rdacontent
_atext
337 _2rdamedia
_aunmediated
338 _2rdacarrier
_avolume
650 1 0 _aSilk ribbon embroidery.
942 _ddc
_cB
999 _c138237
_d138237